[Event "GRE-chT 49th"]
[Site "Thessaloniki"]
[Date "2022.08.12"]
[Round "1.6"]
[White "Giannoulakis, Labros"]
[Black "Tsakiris, Haralambos"]
[Result "1-0"]
[WhiteElo "2346"]
[BlackElo "2197"]
[PlyCount "85"]
[EventDate "2022.08.12"]
[EventType "team-swiss"]
[EventRounds "7"]
[EventCountry "GRE"]
[SourceTitle "CBM 209 Extra"]
[Source "ChessBase"]
[SourceDate "2022.09.30"]
[SourceVersion "1"]
[SourceVersionDate "2022.09.30"]
[SourceQuality "1"]
[WhiteTeam "Neapolis Sykeon"]
[BlackTeam "Pneemathlon"]
[WhiteTeamCountry "GRE"]
[BlackTeamCountry "GRE"]

1. d4 d5 2. c4 c6 3. Nf3 Nf6 4. Nbd2 Bf5 5. Nh4 Be4 6. Qb3 Nbd7 7. f3 Bg6 8. cxd5 cxd5 9. e4 dxe4 10. Nxg6 hxg6 11. fxe4 e6 12. Bc4 Qc7 13. e5 Ng4 14. Nf3 Be7 15. 0-0 Qb6 16. Qxb6 Nxb6 17. Bb5+ Kf8 18. h3 Nh6 19. g4 a6 20. Bd3 Ke8 21. Rf2 Kd7 22. Bd2 Rac8 23. Raf1 Nd5 24. Ne1 g5 25. Nf3 f6 26. Re1 Nf7 27. Kg2 Bb4 28. Kg3 Nf4 29. Bf1 Bxd2 30. Rxd2 Rhd8 31. h4 Ng6 32. hxg5 Nxg5 33. Bg2 Nxf3 34. Bxf3 fxe5 35. Bxb7 Rb8 36. Be4 Ne7 37. dxe5+ Kc7 38. Rc1+ Kb6 39. Rd6+ Rxd6 40. exd6 Nd5 41. Bxd5 exd5 42. Kf4 Re8 43. Kf5 1-0

[Event "Kavala op 27th"]
[Site "Kavala"]
[Date "2018.08.10"]
[Round "8"]
[White "Tsakiris, Haralambos"]
[Black "Nevednichy, Vladislav"]
[Result "1/2-1/2"]
[WhiteElo "2228"]
[BlackElo "2550"]
[PlyCount "21"]
[EventDate "2018.08.05"]
[EventType "swiss"]
[EventRounds "9"]
[EventCountry "GRE"]
[SourceTitle "CBM 186 Extra"]
[Source "ChessBase"]
[SourceDate "2018.08.24"]
[SourceVersion "1"]
[SourceVersionDate "2018.08.24"]
[SourceQuality "1"]

1. d4 Nf6 2. c4 e6 3. Nc3 Bb4 4. e3 d5 5. Nf3 0-0 6. Bd3 c5 7. 0-0 cxd4 8. exd4 dxc4 9. Bxc4 b6 10. Bg5 Bb7 11. Qe2 1/2-1/2

[Event "Thessaloniki White Tower op 40th"]
[Site "Thessaloniki"]
[Date "2018.01.06"]
[Round "6"]
[White "Tsakiris, Haralambos"]
[Black "Konstantinidis, Konstantinos"]
[Result "1/2-1/2"]
[WhiteElo "2259"]
[BlackElo "2020"]
[PlyCount "99"]
[EventDate "2018.01.02"]
[EventType "swiss"]
[EventRounds "9"]
[EventCountry "GRE"]
[SourceTitle "CBM 182 Extra"]
[Source "ChessBase"]
[SourceDate "2018.02.23"]
[SourceVersion "1"]
[SourceVersionDate "2018.02.23"]
[SourceQuality "1"]

1. d4 d6 2. c4 e5 3. Nf3 Nd7 4. Nc3 Ngf6 5. Bg5 Be7 6. e3 0-0 7. Qc2 c6 8. Be2 Qc7 9. 0-0 Re8 10. h3 Nf8 11. Bh4 Ng6 12. Bg3 Bf8 13. Rfd1 e4 14. Nd2 Bf5 15. b4 Qd7 16. b5 h5 17. a4 Qe6 18. a5 h4 19. Bh2 c5 20. dxc5 dxc5 21. Nd5 Nxd5 22. cxd5 Qxd5 23. Nc4 Qe6 24. Nd6 Ne5 25. Nxe8 Rxe8 26. Qc3 Nd3 27. Bxd3 exd3 28. Ra4 g5 29. e4 Bxe4 30. Re1 Qd5 31. f3 d2 32. Rd1 Bxf3 33. Rxd2 Qe6 34. Rf2 Bd5 35. Rg4 Qe1+ 36. Qxe1 Rxe1+ 37. Rf1 Rxf1+ 38. Kxf1 f6 39. a6 bxa6 40. bxa6 Bc6 41. Kf2 Kf7 42. Bb8 Ke6 43. Bxa7 Bb5 44. Bb6 Bxa6 45. Ra4 Bb7 46. Ra7 Bd5 47. Ra5 c4 48. Bd4 Be7 49. Ra6+ Kf5 50. Ra7 1/2-1/2

[Event "Heraklion Capablanca Memorial 1st"]
[Site "Heraklion"]
[Date "2017.04.20"]
[Round "5"]
[White "Ivanov, Mikhail M"]
[Black "Tsakiris, Haralambos"]
[Result "1/2-1/2"]
[WhiteElo "2421"]
[BlackElo "2250"]
[PlyCount "25"]
[EventDate "2017.04.17"]
[EventType "tourn"]
[EventRounds "9"]
[EventCountry "GRE"]
[SourceTitle "CBM 177 Extra"]
[Source "ChessBase"]
[SourceDate "2017.04.27"]
[SourceVersion "1"]
[SourceVersionDate "2017.04.27"]
[SourceQuality "1"]

1. d4 Nf6 2. c4 e6 3. Nf3 d5 4. Nc3 Be7 5. Bg5 0-0 6. cxd5 exd5 7. e3 h6 8. Bf4 c6 9. Bd3 Re8 10. h3 Bd6 11. Ne5 Qe7 12. Bh2 Nfd7 13. Nf3 1/2-1/2

[Event "Heraklion Capablanca Memorial 1st"]
[Site "Heraklion"]
[Date "2017.04.19"]
[Round "4"]
[White "Tsakiris, Haralambos"]
[Black "Taylor, Adam C"]
[Result "1/2-1/2"]
[WhiteElo "2250"]
[BlackElo "2231"]
[PlyCount "56"]
[EventDate "2017.04.17"]
[EventType "tourn"]
[EventRounds "9"]
[EventCountry "GRE"]
[SourceTitle "CBM 177 Extra"]
[Source "ChessBase"]
[SourceDate "2017.04.27"]
[SourceVersion "1"]
[SourceVersionDate "2017.04.27"]
[SourceQuality "1"]

1. e4 e5 2. Nf3 Nc6 3. Bc4 Nf6 4. d3 Be7 5. 0-0 0-0 6. Re1 d6 7. a4 Be6 8. Nbd2 h6 9. c3 Nh7 10. b4 Bg5 11. Bxe6 fxe6 12. Nxg5 Nxg5 13. Nf1 Qf6 14. Ra2 Ne7 15. Qg4 Nh7 16. Be3 Kh8 17. a5 a6 18. Rb1 d5 19. Bc5 Rfd8 20. Bxe7 Qxe7 21. Qg3 Qd6 22. Ne3 Rf8 23. Ng4 Rf4 24. d4 exd4 25. e5 Qf8 26. Nf6 Rf5 27. Nxh7 Kxh7 28. cxd4 c6 1/2-1/2

[Event "GRE-chT 44th"]
[Site "Achaia"]
[Date "2016.07.09"]
[Round "6.1"]
[White "Tsakiris, Haralambos"]
[Black "Ioannidis, Evgenios"]
[Result "1/2-1/2"]
[WhiteElo "2298"]
[BlackElo "2282"]
[PlyCount "77"]
[EventDate "2016.07.05"]
[EventType "team-swiss"]
[EventRounds "7"]
[EventCountry "GRE"]
[SourceTitle "CBM 173 Extra"]
[Source "ChessBase"]
[SourceDate "2016.08.29"]
[SourceVersion "1"]
[SourceVersionDate "2016.08.29"]
[SourceQuality "1"]
[WhiteTeam "Kavalas SO"]
[BlackTeam "Peristeriou CP"]
[WhiteTeamCountry "GRE"]
[BlackTeamCountry "GRE"]

1. d4 d5 2. c4 c6 3. Nc3 Nf6 4. e3 e6 5. b3 Nbd7 6. Bb2 Bd6 7. Bd3 0-0 8. Nge2 dxc4 9. bxc4 e5 10. 0-0 Re8 11. Ng3 exd4 12. exd4 Nf8 13. Qd2 Qc7 14. d5 Bd7 15. Rfe1 Bf4 16. Qc2 cxd5 17. Nxd5 Nxd5 18. cxd5 Qxc2 19. Bxc2 Rxe1+ 20. Rxe1 Rc8 21. Bb3 Ng6 22. Ne4 f5 23. Ng3 Bd6 24. Nh5 Ne5 25. Rd1 a5 26. a4 Re8 27. Nxg7 Kxg7 28. f4 Kg6 29. fxe5 Bxe5 30. Bxe5 Rxe5 31. Kf2 Kf6 32. Rc1 Re4 33. Rc7 Bxa4 34. Bxa4 Rxa4 35. Rxb7 Rd4 36. Rxh7 Rxd5 37. Ra7 Kg5 38. Kf3 Rd3+ 39. Ke2 1/2-1/2

[Event "GRE CupT final 34th"]
[Site "Porto Rio"]
[Date "2016.07.03"]
[Round "1"]
[White "Tsakiris, Haralambos"]
[Black "Klokas, Konstantinos"]
[Result "0-1"]
[WhiteElo "2298"]
[BlackElo "2106"]
[PlyCount "66"]
[EventDate "2016.07.03"]
[EventType "team-k.o."]
[EventRounds "3"]
[EventCountry "GRE"]
[SourceTitle "CBM 173 Extra"]
[Source "ChessBase"]
[SourceDate "2016.08.29"]
[SourceVersion "1"]
[SourceVersionDate "2016.08.29"]
[SourceQuality "1"]
[WhiteTeam "Kavalas"]
[BlackTeam "Heraklion"]
[WhiteTeamCountry "GRE"]
[BlackTeamCountry "GRE"]

1. d4 f5 2. Bg5 g6 3. Nc3 Bg7 4. h4 d5 5. e3 Nc6 6. Qf3 Be6 7. Nh3 h6 8. Bf4 Bf7 9. Qg3 e5 10. dxe5 Qe7 11. Bb5 0-0-0 12. Bxc6 bxc6 13. 0-0 Re8 14. e6 Bxe6 15. Qxg6 Nf6 16. Be5 Rhg8 17. Nf4 Bh8 18. Qxh6 Bf7 19. Bd4 Ng4 20. Qh7 Bxd4 21. exd4 Qf6 22. f3 Rh8 23. Qxh8 Rxh8 24. fxg4 Qxh4 25. Nfe2 fxg4 26. Rad1 Bg6 27. Rf4 Be4 28. Rdf1 Qh2+ 29. Kf2 Qxg2+ 30. Ke1 Bf3 31. Rg1 Qh2 32. Kd2 Re8 33. Rfxg4 Rxe2+ 0-1

[Event "GRE-chT 43rd"]
[Site "Porto Rio"]
[Date "2015.10.10"]
[Round "5.1"]
[White "Kelires, Andreas"]
[Black "Tsakiris, Haralambos"]
[Result "1-0"]
[WhiteElo "2428"]
[BlackElo "2268"]
[PlyCount "77"]
[EventDate "2015.10.08"]
[EventType "team-swiss"]
[EventRounds "7"]
[EventCountry "GRE"]
[SourceTitle "CBM 168 Extra"]
[Source "ChessBase"]
[SourceDate "2015.10.29"]
[SourceVersion "1"]
[SourceVersionDate "2015.10.29"]
[SourceQuality "1"]
[WhiteTeam "Peristeriou"]
[BlackTeam "Kavalas"]
[WhiteTeamCountry "GRE"]
[BlackTeamCountry "GRE"]

1. d4 Nf6 2. c4 g6 3. Nc3 Bg7 4. e4 d6 5. f3 0-0 6. Be3 c5 7. Nge2 Nfd7 8. d5 Qa5 9. Qc2 Ne5 10. Nc1 f5 11. Bd2 Qd8 12. f4 Nf7 13. Bd3 e5 14. 0-0 exf4 15. exf5 g5 16. f6 Qxf6 17. Bxh7+ Kh8 18. Be4 Ne5 19. Nb5 Na6 20. Nd3 Ng4 21. h3 Ne5 22. Rae1 Nb4 23. Nxb4 cxb4 24. Bxb4 Nf7 25. Bc3 Ne5 26. Bb4 Nf7 27. Qe2 g4 28. hxg4 a6 29. Bc3 Ne5 30. Nc7 Rb8 31. Ne6 Bxe6 32. dxe6 Qxe6 33. g5 Ng4 34. Rf3 Bxc3 35. Rh3+ Kg7 36. Rh7+ Kg8 37. bxc3 Rbe8 38. Rxb7 Ne3 39. Bd5 1-0

[Event "GRE-chT 43rd"]
[Site "Porto Rio"]
[Date "2015.10.08"]
[Round "2.2"]
[White "Tsakiris, Haralambos"]
[Black "Sidiropoulos, Nikolaos"]
[Result "1-0"]
[WhiteElo "2268"]
[BlackElo "1941"]
[PlyCount "63"]
[EventDate "2015.10.08"]
[EventType "team-swiss"]
[EventRounds "7"]
[EventCountry "GRE"]
[SourceTitle "CBM 168 Extra"]
[Source "ChessBase"]
[SourceDate "2015.10.29"]
[SourceVersion "1"]
[SourceVersionDate "2015.10.29"]
[SourceQuality "1"]
[WhiteTeam "Kavalas"]
[BlackTeam "Piraikos"]
[WhiteTeamCountry "GRE"]
[BlackTeamCountry "GRE"]

1. d4 g6 2. c4 Bg7 3. e4 d6 4. Nc3 Nc6 5. Be3 e5 6. d5 Nd4 7. Nge2 Nxe2 8. Bxe2 f5 9. f3 Nf6 10. Qd2 0-0 11. 0-0-0 fxe4 12. fxe4 Bg4 13. c5 a6 14. Kb1 Qd7 15. Rhf1 Bxe2 16. Qxe2 Rf7 17. Qc4 Raf8 18. h3 Nh5 19. Rxf7 Rxf7 20. c6 Qc8 21. cxb7 Qxb7 22. Qc6 Qc8 23. a4 Nf4 24. Rd2 g5 25. a5 h6 26. b4 Nxg2 27. Rxg2 Qxh3 28. Qe8+ Bf8 29. Re2 g4 30. Re1 Rf3 31. Nd1 Qg3 32. Rg1 1-0

[Event "Kavala op 24th"]
[Site "Kavala"]
[Date "2015.08.05"]
[Round "2"]
[White "Pancevski, Filip"]
[Black "Tsakiris, Haralambos"]
[Result "1/2-1/2"]
[WhiteElo "2506"]
[BlackElo "2264"]
[PlyCount "129"]
[EventDate "2015.08.04"]
[EventType "swiss"]
[EventRounds "9"]
[EventCountry "GRE"]
[SourceTitle "CBM 167 Extra"]
[Source "ChessBase"]
[SourceDate "2015.09.14"]
[SourceVersion "1"]
[SourceVersionDate "2015.09.14"]
[SourceQuality "1"]

1. g3 c5 2. Bg2 Nc6 3. Nf3 e5 4. 0-0 Nf6 5. d3 d5 6. c3 Be7 7. Nbd2 0-0 8. e4 dxe4 9. dxe4 Be6 10. Qe2 Qc7 11. Re1 Rfd8 12. Ng5 Bg4 13. Qc4 Bh5 14. f3 a6 15. h4 b5 16. Qe2 h6 17. Nh3 c4 18. Nf1 Bc5+ 19. Kh2 Ne7 20. g4 Bg6 21. Ng3 Qd6 22. h5 Bh7 23. Nf2 Nd7 24. g5 hxg5 25. Bxg5 f6 26. Be3 f5 27. Rad1 Qf6 28. exf5 Bxe3 29. Qxe3 Qh4+ 30. Nh3 Nxf5 31. Nxf5 Bxf5 32. Qg5 Qxg5 33. Nxg5 Rab8 34. Rd6 a5 35. Rd5 Re8 36. Kg1 Rb6 37. Bf1 Kf8 38. f4 Rh6 39. Nf3 Rxh5 40. Nxe5 Nf6 41. Rxb5 Rh4 42. Bxc4 Rxf4 43. Rf1 Rxf1+ 44. Kxf1 a4 45. Kg2 a3 46. b4 Ne4 47. Nf3 Bg4 48. Ne5 Bf5 49. Ra5 Nxc3 50. Kf3 g5 51. Ke3 Be6 52. Bxe6 Rxe6 53. Kd4 Nxa2 54. b5 Nb4 55. Kc4 Rxe5 56. Kxb4 Ke7 57. Rxa3 Kd6 58. Rc3 g4 59. b6 Re1 60. Kb5 Rb1+ 61. Ka6 Ke5 62. b7 Kf4 63. Rc5 Rxb7 64. Kxb7 g3 65. Rc1 1/2-1/2

[Event "Skopje Karposh op"]
[Site "Skopje"]
[Date "2015.04.02"]
[Round "8"]
[White "Tsakiris, Haralambos"]
[Black "Can, Isik"]
[Result "1/2-1/2"]
[WhiteElo "2265"]
[BlackElo "1923"]
[PlyCount "67"]
[EventDate "2015.03.27"]
[EventType "swiss"]
[EventRounds "9"]
[EventCountry "MKD"]
[SourceTitle "CBM 165 Extra"]
[Source "ChessBase"]
[SourceDate "2015.04.21"]
[SourceVersion "1"]
[SourceVersionDate "2015.04.21"]
[SourceQuality "1"]

1. c4 e5 2. Nc3 Nf6 3. Nf3 Nc6 4. e3 d5 5. cxd5 Nxd5 6. Bb5 Nxc3 7. bxc3 Bd6 8. d4 Bd7 9. Rb1 Rb8 10. 0-0 a6 11. Bxc6 Bxc6 12. dxe5 Bxf3 13. Qxf3 Bxe5 14. Rxb7 0-0 15. Ba3 Bd6 16. Rxb8 Qxb8 17. Bxd6 cxd6 18. Qc6 Rc8 19. Qxa6 Rxc3 20. h3 h6 21. Rd1 Rc2 22. a4 Ra2 23. g3 Qb3 24. Qa8+ Kh7 25. Qe4+ g6 26. Rd4 Ra1+ 27. Kg2 Qc3 28. Qe7 Qc6+ 29. e4 Qc1 30. Qxf7+ Kh8 31. Qf6+ Kh7 32. Kf3 Ra3+ 33. Kg2 Ra1 34. Qf7+ 1/2-1/2

[Event "Skopje Karposh op"]
[Site "Skopje"]
[Date "2015.03.30"]
[Round "5"]
[White "Tosic, Miroslav"]
[Black "Tsakiris, Haralambos"]
[Result "1/2-1/2"]
[WhiteElo "2413"]
[BlackElo "2265"]
[PlyCount "110"]
[EventDate "2015.03.27"]
[EventType "swiss"]
[EventRounds "9"]
[EventCountry "MKD"]
[SourceTitle "CBM 165 Extra"]
[Source "ChessBase"]
[SourceDate "2015.04.21"]
[SourceVersion "1"]
[SourceVersionDate "2015.04.21"]
[SourceQuality "1"]

1. d4 Nf6 2. c3 c5 3. e3 e6 4. Bd3 b6 5. Nf3 Be7 6. Qe2 cxd4 7. exd4 Bb7 8. 0-0 0-0 9. Re1 d6 10. Nbd2 Nbd7 11. Nf1 Re8 12. Ng3 h6 13. Bd2 Bf8 14. Rad1 Qc7 15. Bc1 e5 16. dxe5 dxe5 17. Ne4 Nxe4 18. Bxe4 Bxe4 19. Qxe4 Nc5 20. Qg4 Re6 21. Be3 Rae8 22. Nh4 Qc6 23. Bxc5 Bxc5 24. Nf5 Rg6 25. Qe4 Qxe4 26. Rxe4 Rf6 27. g4 h5 28. h3 hxg4 29. hxg4 g6 30. Nd4 Kf8 31. Rde1 Rd8 32. g5 Rf4 33. Rxf4 exf4 34. Nf3 Re8 35. Kf1 Rxe1+ 36. Kxe1 f6 37. gxf6 Kf7 38. b4 Bd6 39. Kd2 Kxf6 40. Kd3 g5 41. Nh2 Kf5 42. f3 Ke5 43. Ng4+ Kd5 44. c4+ Ke6 45. b5 Be7 46. Kd4 Kd6 47. Nf2 Bf6+ 48. Kd3 Be7 49. a3 Ke6 50. a4 Kd6 51. Ng4 Kc5 52. Ne5 Bd6 53. Nf7 Be7 54. Ne5 Bd6 55. Nf7 Be7 1/2-1/2

[Event "Skopje Karposh op"]
[Site "Skopje"]
[Date "2015.03.29"]
[Round "4"]
[White "Tsakiris, Haralambos"]
[Black "Eldemir, Goksu"]
[Result "1-0"]
[WhiteElo "2265"]
[BlackElo "1919"]
[PlyCount "55"]
[EventDate "2015.03.27"]
[EventType "swiss"]
[EventRounds "9"]
[EventCountry "MKD"]
[SourceTitle "CBM 165 Extra"]
[Source "ChessBase"]
[SourceDate "2015.04.21"]
[SourceVersion "1"]
[SourceVersionDate "2015.04.21"]
[SourceQuality "1"]

1. d4 Nf6 2. c4 d6 3. Nf3 g6 4. Nc3 Bg7 5. e4 0-0 6. Be2 e5 7. 0-0 Nc6 8. Be3 h6 9. d5 Ne7 10. Nd2 Ne8 11. c5 f5 12. cxd6 Nxd6 13. f3 f4 14. Bf2 g5 15. Nc4 Bd7 16. a4 b6 17. b4 Nec8 18. b5 h5 19. a5 Rb8 20. axb6 axb6 21. Na3 Rf6 22. Nc2 Rg6 23. Nb4 g4 24. fxg4 hxg4 25. Nc6 Bxc6 26. dxc6 Qg5 27. Bc4+ Kh8 28. Qd5 1-0

[Event "Belgrade Trophy 28th"]
[Site "Belgrade"]
[Date "2014.12.01"]
[Round "8"]
[White "Tsakiris, Haralambos"]
[Black "Savicevic, Vlatko"]
[Result "1-0"]
[WhiteElo "2155"]
[BlackElo "2343"]
[PlyCount "53"]
[EventDate "2014.11.24"]
[EventType "swiss"]
[EventRounds "9"]
[EventCountry "SRB"]
[SourceTitle "CBM 163 Extra"]
[Source "ChessBase"]
[SourceDate "2014.12.23"]
[SourceVersion "1"]
[SourceVersionDate "2014.12.23"]
[SourceQuality "1"]

1. d4 d5 2. c4 e6 3. Nc3 Be7 4. Nf3 Nf6 5. Bf4 0-0 6. Rc1 c5 7. dxc5 Na6 8. cxd5 Nxd5 9. Bd6 Qa5 10. e4 Nxc3 11. Rxc3 Rd8 12. a3 Bxd6 13. cxd6 Bd7 14. b4 Nxb4 15. axb4 Qxb4 16. Qd4 Qb1+ 17. Kd2 Rac8 18. Ke3 Rxc3+ 19. Qxc3 Rc8 20. Qa3 e5 21. Nxe5 Qe1+ 22. Kf3 Rc2 23. Qxa7 Qd1+ 24. Kg3 Qxd6 25. f4 g5 26. Qe3 f6 27. Qb3+ 1-0

[Event "Kavala op 23rd"]
[Site "Kavala"]
[Date "2014.08.08"]
[Round "8"]
[White "Tsakiris, Haralambos"]
[Black "Stathopoulos, Ioannis"]
[Result "0-1"]
[WhiteElo "2109"]
[BlackElo "2271"]
[PlyCount "74"]
[EventDate "2014.08.02"]
[EventType "swiss"]
[EventRounds "9"]
[EventCountry "GRE"]
[SourceTitle "CBM 161 Extra"]
[Source "ChessBase"]
[SourceDate "2014.08.29"]
[SourceVersion "1"]
[SourceVersionDate "2014.08.29"]
[SourceQuality "1"]

1. d4 Nf6 2. c4 e6 3. Nf3 b6 4. g3 Bb7 5. Bg2 Be7 6. 0-0 0-0 7. Re1 a5 8. Nc3 Ne4 9. Ne5 Nxc3 10. bxc3 Bxg2 11. Kxg2 Qc8 12. e4 Qa6 13. Qa4 Rd8 14. Rb1 f6 15. Nd3 Nc6 16. Nf4 Na7 17. Nd3 Rac8 18. h4 c6 19. Qb3 a4 20. Qxb6 Qxc4 21. Qxa7 Qxd3 22. Bb2 a3 23. Bxa3 Ra8 24. Bxe7 Rxa7 25. Bxd8 Rxa2 26. Be7 Qc2 27. Rf1 Qxe4+ 28. Kg1 h5 29. Rb7 Qd5 30. Bc5 Rc2 31. Bb4 e5 32. dxe5 fxe5 33. Rb8+ Kh7 34. Re8 d6 35. Rd8 c5 36. Ba5 Qc6 37. Rd1 Ra2 0-1

[Event "Kavala op 23rd"]
[Site "Kavala"]
[Date "2014.08.06"]
[Round "6"]
[White "Tsakiris, Haralambos"]
[Black "Markidis, Konstantinos"]
[Result "1/2-1/2"]
[WhiteElo "2109"]
[BlackElo "2322"]
[PlyCount "29"]
[EventDate "2014.08.02"]
[EventType "swiss"]
[EventRounds "9"]
[EventCountry "GRE"]
[SourceTitle "CBM 161 Extra"]
[Source "ChessBase"]
[SourceDate "2014.08.29"]
[SourceVersion "1"]
[SourceVersionDate "2014.08.29"]
[SourceQuality "1"]

1. d4 Nf6 2. c4 d6 3. Nc3 Nbd7 4. e4 e5 5. Nf3 Be7 6. Be2 0-0 7. 0-0 c6 8. Qc2 Qc7 9. d5 a5 10. Be3 Ng4 11. Bd2 Nc5 12. Ne1 Nf6 13. Be3 Bd7 14. f3 Rfc8 15. Rc1 1/2-1/2

[Event "Kavala op 23rd"]
[Site "Kavala"]
[Date "2014.08.03"]
[Round "2"]
[White "Tsakiris, Haralambos"]
[Black "Todorovic, Bojan"]
[Result "0-1"]
[WhiteElo "2109"]
[BlackElo "2333"]
[PlyCount "84"]
[EventDate "2014.08.02"]
[EventType "swiss"]
[EventRounds "9"]
[EventCountry "GRE"]
[SourceTitle "CBM 161 Extra"]
[Source "ChessBase"]
[SourceDate "2014.08.29"]
[SourceVersion "1"]
[SourceVersionDate "2014.08.29"]
[SourceQuality "1"]

1. d4 Nf6 2. c4 g6 3. f3 Bg7 4. e4 0-0 5. Nc3 d6 6. Be3 Nbd7 7. Nge2 c5 8. d5 Ne5 9. Ng3 e6 10. Be2 exd5 11. cxd5 a6 12. a4 Bd7 13. h3 b5 14. f4 Nc4 15. Bxc4 bxc4 16. 0-0 Rb8 17. Qe2 Re8 18. Ra2 h5 19. Qxc4 h4 20. Nh1 Nxe4 21. Nxe4 Rb4 22. Qxa6 Rbxe4 23. Bf2 Bc8 24. Qc6 Qe7 25. Rd1 Bb7 26. Qb5 Rb4 27. Qd3 Rxf4 28. Raa1 Bd4 29. Qc2 Qf6 30. Bxd4 Rxd4 31. Rxd4 Qxd4+ 32. Nf2 Qxd5 33. Ng4 Qd4+ 34. Kh1 Be4 35. Qb3 c4 36. Qb5 Re6 37. Rf1 Kg7 38. a5 Qd5 39. Qxd5 Bxd5 40. a6 Re2 41. Rf2 Re1+ 42. Kh2 f5 0-1

[Event "Paleochora op 7th"]
[Site "Paleochora"]
[Date "2014.07.22"]
[Round "2"]
[White "Borovikov, Vladislav"]
[Black "Tsakiris, Haralambos"]
[Result "1-0"]
[WhiteElo "2556"]
[BlackElo "2099"]
[PlyCount "80"]
[EventDate "2014.07.21"]
[EventType "swiss"]
[EventRounds "9"]
[EventCountry "GRE"]
[SourceTitle "CBM 161 Extra"]
[Source "ChessBase"]
[SourceDate "2014.08.29"]
[SourceVersion "1"]
[SourceVersionDate "2014.08.29"]
[SourceQuality "1"]

1. d4 Nf6 2. Nf3 e6 3. c4 Bb4+ 4. Nbd2 0-0 5. a3 Be7 6. e4 d6 7. Bd3 Nbd7 8. 0-0 e5 9. b3 c5 10. d5 Nh5 11. b4 g6 12. Bc2 a5 13. bxc5 Nxc5 14. Nb3 b6 15. Nxc5 bxc5 16. Rb1 Ba6 17. Bd3 Qd7 18. Bd2 a4 19. Be3 Rfb8 20. Nd2 Rxb1 21. Bxb1 Bd8 22. Bc2 Bc8 23. Nb1 Qa7 24. Nc3 Bd7 25. g3 Bh3 26. Re1 Ba5 27. Bd2 Bxc3 28. Bxc3 Bd7 29. Qd2 Qc7 30. f4 f6 31. Bd1 Ng7 32. g4 Rf8 33. g5 Qd8 34. gxf6 Qxf6 35. fxe5 dxe5 36. Qg2 Ne8 37. Qg3 Qa6 38. Qxe5 Qf6 39. Qxf6 Nxf6 40. e5 Ne8 1-0

[Event "GRE-chT 42nd"]
[Site "Porto Rio"]
[Date "2014.07.02"]
[Round "6.8"]
[White "Tsakiris, Haralambos"]
[Black "Tzouganakis, Panteleimon"]
[Result "1/2-1/2"]
[WhiteElo "2099"]
[BlackElo "2185"]
[PlyCount "60"]
[EventDate "2014.06.28"]
[EventType "team-swiss"]
[EventRounds "7"]
[EventCountry "GRE"]
[SourceTitle "CBM 161 Extra"]
[Source "ChessBase"]
[SourceDate "2014.08.29"]
[SourceVersion "1"]
[SourceVersionDate "2014.08.29"]
[SourceQuality "1"]
[WhiteTeam "Kavalas CN"]
[BlackTeam "Korinthias Argonaftis"]
[WhiteTeamCountry "GRE"]
[BlackTeamCountry "GRE"]

1. c4 Nf6 2. Nc3 e5 3. Nf3 d6 4. d4 exd4 5. Nxd4 g6 6. Bg5 Bg7 7. Qd2 0-0 8. 0-0-0 Nc6 9. e4 Nxd4 10. Qxd4 h6 11. Bh4 g5 12. Bg3 Nh5 13. Qd2 Be6 14. Be2 Nxg3 15. hxg3 f5 16. f4 Bxc3 17. Qxc3 Qf6 18. e5 dxe5 19. fxe5 Qg7 20. Rh2 Rae8 21. Rdh1 Kh7 22. Qf3 Bf7 23. Qxf5+ Kg8 24. Qd3 Re6 25. Bg4 Rc6 26. b3 Qxe5 27. Rxh6 Qa1+ 28. Qb1 Qc3+ 29. Qc2 Qa1+ 30. Qb1 Qc3+ 1/2-1/2

[Event "GRE-chT 42nd"]
[Site "Porto Rio"]
[Date "2014.06.30"]
[Round "4.8"]
[White "Papakonstantinou, Dimitrios1111"]
[Black "Tsakiris, Haralambos"]
[Result "1-0"]
[WhiteElo "1945"]
[BlackElo "2099"]
[PlyCount "67"]
[EventDate "2014.06.28"]
[EventType "team-swiss"]
[EventRounds "7"]
[EventCountry "GRE"]
[SourceTitle "CBM 161 Extra"]
[Source "ChessBase"]
[SourceDate "2014.08.29"]
[SourceVersion "1"]
[SourceVersionDate "2014.08.29"]
[SourceQuality "1"]
[WhiteTeam "Panionios GS"]
[BlackTeam "Kavalas CN"]
[WhiteTeamCountry "GRE"]
[BlackTeamCountry "GRE"]

1. d4 Nf6 2. c4 e6 3. Nc3 Bb4 4. e3 b6 5. Nge2 Bb7 6. a3 Be7 7. d5 0-0 8. Ng3 a5 9. Be2 e5 10. 0-0 d6 11. e4 Na6 12. Rb1 Ne8 13. b4 axb4 14. axb4 g6 15. Qc2 Ng7 16. Bd3 h5 17. Nge2 Bc8 18. Qb2 h4 19. Ra1 Bb7 20. Be3 f5 21. f4 g5 22. fxe5 f4 23. exd6 Bxd6 24. Bd4 Nxb4 25. Rxa8 Bxa8 26. Bb1 Bc5 27. e5 Nf5 28. Bxc5 bxc5 29. Ne4 Ne3 30. Nf6+ Rxf6 31. exf6 Nxf1 32. Qe5 Kf7 33. Qe6+ Kf8 34. Bg6 1-0

[Event "GRE-chT 42nd"]
[Site "Porto Rio"]
[Date "2014.06.29"]
[Round "3.8"]
[White "Michelakos, Panagiotis"]
[Black "Tsakiris, Haralambos"]
[Result "0-1"]
[WhiteElo "2162"]
[BlackElo "2099"]
[PlyCount "72"]
[EventDate "2014.06.28"]
[EventType "team-swiss"]
[EventRounds "7"]
[EventCountry "GRE"]
[SourceTitle "CBM 161 Extra"]
[Source "ChessBase"]
[SourceDate "2014.08.29"]
[SourceVersion "1"]
[SourceVersionDate "2014.08.29"]
[SourceQuality "1"]
[WhiteTeam "Nice Fysiolatris"]
[BlackTeam "Kavalas CN"]
[WhiteTeamCountry "GRE"]
[BlackTeamCountry "GRE"]

1. d4 Nf6 2. c4 e6 3. Nf3 Bb4+ 4. Bd2 Qe7 5. g3 Bxd2+ 6. Qxd2 Nc6 7. Nc3 d5 8. Bg2 dxc4 9. 0-0 0-0 10. e4 Rd8 11. e5 Nd5 12. Ne4 b5 13. Qe2 Bb7 14. Rfd1 Rab8 15. Ne1 Ndb4 16. Qe3 Nd5 17. Qe2 Ndb4 18. Qe3 Ba8 19. Nc3 a5 20. f4 Na7 21. Ne4 Nc8 22. Qf2 Nb6 23. a3 N4d5 24. Rac1 Na4 25. g4 f6 26. Nc3 Ndxc3 27. bxc3 fxe5 28. fxe5 Qxa3 29. Bxa8 Rxa8 30. Qf3 Rf8 31. Qc6 Nxc3 32. Qxe6+ Kh8 33. Rxc3 Qxc3 34. Ng2 Qc2 35. Re1 Qf2+ 36. Kh1 Qf1+ 0-1